King Gizzard & the Lizard Wizard Albums - Statistics

General Stats
  • This quiz has been taken 912 times
    139 since last reset
  • The average score is 21 of 27
Answer Stats
Year Answer % Correct
2016 Nonagon Infinity
90%
2019 Fishing for Fishies
86%
2017 Flying Microtonal Banana
85%
2019 Infest the Rats' Nest
85%
2015 Paper Mâché Dream Balloon
85%
2025 Phantom Island
84%
2012 12 Bar Bruise
82%
2020 K.G.
82%
2021 L.W.
82%
2017 Gumboot Soup
81%
2014 I'm in Your Mind Fuzz
81%
2023 PetroDragonic Apocalypse; or, Dawn of Eternal Night: An Annihilation of Planet Earth and the Beginning of Merciless Damnation
81%
2017 Murder of the Universe
79%
2024 Flight b741
78%
2022 Made in Timeland
78%
2022 Changes
77%
2023 The Silver Cord
77%
2017 Polygondwanaland
75%
2015 Quarters!
75%
2022 Ice, Death, Planets, Lungs, Mushrooms and Lava
74%
2022 Laminated Denim
74%
2021 Butterfly 3000
73%
2013 Eyes Like the Sky
71%
2017 Sketches of Brunswick East
70%
2022 Omnium Gatherum
68%
2013 Float Along - Fill Your Lungs
67%
2014 Oddments
67%
No matching quizzes found
Score Distribution
Percent of People with Each Score
Percentile by Number Answered
Your Score History
You have not taken this quiz since the last reset